quizz friends (dur) - Statistiques

Statistiques générales
  • Ce quiz a été pris 389 fois
  • Le résultat moyen est 8 sur 18
Statistiques - réponses
Hint Réponse % Correct
Combien de fois Ross a-t-il divorcé 3
91%
De qui Gunther est-il amoureux Rachel
90%
De qui Ross est-il maladivement jaloux lors de sa relation avec Rachel Marc
82%
Qui se marie à Las Vegas Ross et Rachel
81%
Comment s'appelle le singe de Ross Marcel
80%
Comment s'appelle les sœurs de Rachel Jill et Amy
68%
Comment s'appelle la femme qui va donner ses enfants a Chandler et Monica Erica
63%
Quel est le deuxième prénom de Chandler Muriel
63%
Dans quelle ville Chandler se fait muter Tulsa
62%
Que chante Rachel au mariage de Barry et Mindy Copacabana
45%
Que fait Ross pour obtenir l'apparentement du gros tout nu Il se met tout nu
34%
Combien de cils lui a-t-elle donné 14
27%
Comment s'appelle la stalkeuse de Drake Ramoray Erika
23%
Comment s'appelle le jumeau maléfique de Drake Ramoray Hans Ramoray
12%
Quel est le nom de la mère de Rachel Sandra
11%
Comment s'appelle l'homme qui vit en dessous de chez Rachel et Monica monsieur Heckels
7%
Que pensait-elle que leur métier était prêtre et docteur
4%
Quel est le metier de Chandler analyste statistique et reconfiguration des données
0%
Aucun quiz correspondant
Distribution des résultats
% des personnes avec chaque résultat
Percentile par nombre de réponses
Votre historique - résultats
Vous n’avez pas pris ce quiz